000 00471nam a2200181Ia 4500
005 20250423100557.0
008 250422s9999 xx 000 0 und d
020 _a9780128129029
050 _aTK 2980 .B74/
100 _aBreeze, Paul A.
245 0 _aPower system energy storage technologies
260 _aUnited Kingdom
260 _bAcademic Press
260 _c2020
300 _a317 p
650 _aEnergy storage. Renewable energy sources.
942 _cBK
999 _c33728
_d33728